00429nam a2200133Ia 4500008004100000020001400041041000800055082001600063100001700079245014100096250000600237260004000243300001200283210716s2000 xx 000 0 und d a316648167 aeng a001.94 CASJ aCasti John L aParadigms regained: a further exploration of the mysteries of modern science.bA further exploration of the mysteries of modern science. a1 aUSAbLittle Brown and Companyc2000 axii,287